| 000 | 00562nam a2200181Ia 4500 | ||
|---|---|---|---|
| 008 | 090124s9999 xx 000 0 und d | ||
| 082 | _b17415 | ||
| 100 | _aआपटे हरि नारायण | ||
| 245 | _a सूऱ्यग्रहण | ||
| 250 | _a1 | ||
| 260 |
_bवि.अ.पटवर्धन _c1969 |
||
| 300 | _a132 | ||
| 600 | _aआपटे हरि नारायण | ||
| 630 | _a सूऱ्यग्रहण | ||
| 700 | _aआपटे हरि नारायण | ||
| 730 | _a सूऱ्यग्रहण | ||
| 942 | _cBOOK | ||
| 999 |
_c89074 _d89074 |
||